Transforming your business into a brand : 10 rules of branding

Đã lưu trong:
書目詳細資料
主要作者: Tai, Jacky
格式: 圖書
語言:Undetermined
出版: Singapore Marshall Cavendish Business 2007
主題:
標簽: 添加標簽
沒有標簽, 成為第一個標記此記錄!
Thư viện lưu trữ: Trung tâm Học liệu Trường Đại học Cần Thơ
LEADER 00636nam a2200217Ia 4500
001 CTU_128770
008 210402s9999 xx 000 0 und d
020 |c 160000 
082 |a 658.827 
082 |b T129 
100 |a Tai, Jacky 
245 0 |a Transforming your business into a brand : 
245 0 |b 10 rules of branding 
245 0 |c Jacky Tai and Wilson Chew 
260 |a Singapore 
260 |b Marshall Cavendish Business 
260 |c 2007 
650 |a Brand name products,Nhãn hiệu sảnphẩm 
650 |x Marketing,Tiếp thị 
904 |i Minh 
980 |a Trung tâm Học liệu Trường Đại học Cần Thơ